000 00396nam a22001577a 4500
003 OSt
005 20160804123928.0
008 160804b xxu||||| |||| 00| 0 eng d
020 _a0131494597
040 _cN/A
100 _aWheelen Thomas L
245 _aStrategic management and bosiness policy
250 _a10th ed
260 _aNew Jersey
_bPearson Education ltd
_c2005
942 _2lcc
_cBK
999 _c254948
_d254947